Tilastot visalle Pikselöityjä valtioiden muotoja #1

Klikkaa tästä pelataksesi tätä visaa!

Yleistilastot

  • Tätä visaa on pelattu 982 kertaa
  • Keskiarvotulos 10 / 15

Vastaustilastot

Valtio% Oikein
Italia
98%
Australia
95%
Japani
90%
Espanja
84%
Kroatia
80%
Chile
79%
Vietnam
72%
Mali
57%
Papua-Uusi-Guinea
57%
Somalia
55%
Sri Lanka
54%
Kongon demokraattinen tasavalta
44%
Pakistan
42%
Panama
42%
Etelä-Korea
24%

Tulosjakauma

Persentiili vastausten määrän mukaan

Jokaisen tuloksen saaneiden osuus

Tuloshistoriasi

Et ole pelannut tätä visaa